<?xml version="1.0" encoding="UTF-8"?>
<collection xmlns="http://www.loc.gov/MARC21/slim">
 <record>
  <leader>01125nam a22001937a 4500</leader>
  <controlfield tag="001">NCT_149366</controlfield>
  <controlfield tag="008">230504b        xxu||||| |||| 00| 0 vie d</controlfield>
  <datafield tag="999" ind1=" " ind2=" ">
   <subfield code="c">7702</subfield>
   <subfield code="d">7702</subfield>
  </datafield>
  <datafield tag="020" ind1=" " ind2=" ">
   <subfield code="c">sách tặng</subfield>
  </datafield>
  <datafield tag="082" ind1="0" ind2="4">
   <subfield code="2">23rd ed.</subfield>
   <subfield code="a">418.02</subfield>
   <subfield code="b">T502</subfield>
  </datafield>
  <datafield tag="100" ind1="1" ind2=" ">
   <subfield code="a">Lưu Trọng Tuấn</subfield>
  </datafield>
  <datafield tag="245" ind1="1" ind2="0">
   <subfield code="a">Dịch thuật văn bản khoa học:</subfield>
   <subfield code="b">Trên cơ sở ngữ liệu các chuyên ngành hóa học, sinh học và y học</subfield>
   <subfield code="c">Lưu Trọng Tuấn</subfield>
  </datafield>
  <datafield tag="260" ind1=" " ind2=" ">
   <subfield code="a">H.</subfield>
   <subfield code="b">Khoa học Xã hội</subfield>
   <subfield code="c">2009</subfield>
  </datafield>
  <datafield tag="300" ind1=" " ind2=" ">
   <subfield code="a">342 tr.</subfield>
   <subfield code="c">24cm m</subfield>
  </datafield>
  <datafield tag="520" ind1="3" ind2=" ">
   <subfield code="a">Một quyển sách nghiên cứu về dịch thuật dành cho những ai yêu thích dịch thuật như những nhà nghiên cứu dịch thuật, giảng viên chuyên ngành dịch, dịch giả và sinh viên chuyên ngành ngôn ngữ, ngôn ngữ học ứng dụng và dịch thuật.</subfield>
  </datafield>
  <datafield tag="653" ind1=" " ind2=" ">
   <subfield code="a">Y Đa khoa</subfield>
  </datafield>
  <datafield tag="942" ind1=" " ind2=" ">
   <subfield code="2">ddc</subfield>
   <subfield code="c">BK</subfield>
  </datafield>
  <datafield tag="952" ind1=" " ind2=" ">
   <subfield code="0">0</subfield>
   <subfield code="1">0</subfield>
   <subfield code="2">ddc</subfield>
   <subfield code="4">0</subfield>
   <subfield code="6">418_020000000000000_T502</subfield>
   <subfield code="7">0</subfield>
   <subfield code="9">27563</subfield>
   <subfield code="a">000001</subfield>
   <subfield code="b">000001</subfield>
   <subfield code="d">2023-05-04</subfield>
   <subfield code="o">418.02 T502</subfield>
   <subfield code="p">MD.21765</subfield>
   <subfield code="r">2023-05-04</subfield>
   <subfield code="w">2023-05-04</subfield>
   <subfield code="y">BK</subfield>
  </datafield>
  <datafield tag="980" ind1=" " ind2=" ">
   <subfield code="a">Thư viện Trường Đại học Nam Cần Thơ</subfield>
  </datafield>
 </record>
</collection>
